Diccionario de pedagogía /

La presente obra se puede considerar como un exponente de la pedagogía española en el comienzo de la segunda mitad del siglo XX. Es una obra de colaboración en la cual participan cultivadores de las ciencias de la educación en los más diversos campos, desde el metafísico hasta el experimental, inclu...

Descrizione completa

Salvato in:
Dettagli Bibliografici
Autore principale: García Hoz, Víctor (dir. y pról.)
Natura: Libro
Lingua:spagnolo
Pubblicazione: Barcelona, España : Labor, 1974, c1974
Edizione:3a edición
Soggetti:
Tags: Aggiungi Tag
Nessun Tag, puoi essere il primo ad aggiungerne!!

MARC

LEADER 00000nam^a2200000^a^4500
001 000001390
005 20250521000000.0
009 20260310083104.57
020 |a 84-335-3717-2 
037 |a Acervo ITESO - Biblioteca 
041 |a ESP 
082 |a 370. 3  |b GAR 
100 |a García Hoz, Víctor  |e (dir. y pról.) 
245 1 0 |a Diccionario de pedagogía /  |c Dir. y pról. de V. García Hoz. 
250 |a 3a edición 
264 4 |a Barcelona, España :  |b Labor,  |c 1974, c1974 
300 |a 2 v. 
336 |a texto  |b txt  |2 rdacontenido 
337 |a sin mediación  |b n  |2 rdamedio 
338 |a volumen  |b nc  |2 rdasoporte 
520 |a La presente obra se puede considerar como un exponente de la pedagogía española en el comienzo de la segunda mitad del siglo XX. Es una obra de colaboración en la cual participan cultivadores de las ciencias de la educación en los más diversos campos, desde el metafísico hasta el experimental, incluyendo también los problemas económicos y de legislación que en el mundo actual se plantea la tarea educativa. 
649 |a XX 
650 |a Educación -  |x Estudio y Enseñanza 
650 |a Educación -  |x Enciclopedias y Diccionarios 
650 |a Enciclopedias y Diccionarios 
910 |a Fondo General 
920 |a Impresos - Libros 
930 |a Obras de Referencia 
905 |a 102 
901 |a 0013900100  |b IT2  |c REF  |u 20250521 
901 |a 0013900200  |b IT2  |c REF  |u 20250521 
902 |a https://opac.biblio.iteso.mx/vufind/Record/000001390